书目信息 |
| 题名: |
毛主席在中南海住过的地方
|
|
| 作者: | ;革命文物编辑部 编 | |
| 分册: | ||
| 出版信息: | 北京 文物出版社 1978 |
|
| 页数: | [45页] | |
| 开本: | 19cm | |
| 丛书名: | 革命文物丛书 | |
| 单 册: | ||
| 中图分类: | A756 , J41 | |
| 科图分类: | ||
| 主题词: | 摄影技术--普及读物 , 摄影艺术--各种 | |
| 电子资源: | ||
| ISBN: | ||
| 000 | 00808nam2 2200289 45 | |
| 001 | 0178002808 | |
| 005 | 20040521092607.5 | |
| 010 | @dCNY0.35 | |
| 091 | @a11068.722 | |
| 100 | @a19950712d1978 em y0chiy0121 ea | |
| 101 | 0 | @achi |
| 102 | @aCN@b110000 | |
| 105 | @aa z 000yd | |
| 106 | @ar | |
| 200 | 10 | @a毛主席在中南海住过的地方@Amao zhu xi zai zhong nan hai zhu guo de di fang@e[摄影集]@f革命文物编辑部编 |
| 210 | @a北京@c文物出版社@d1978 | |
| 215 | @a[45页]@d19cm | |
| 225 | 2 | @a革命文物丛书 |
| 410 | 0 | @120010@a革命文物丛书 |
| 600 | 0 | @a毛泽东@x生平事迹@x摄影集 |
| 606 | 0 | @a摄影技术@x普及读物 |
| 606 | 0 | @a摄影艺术@x各种 |
| 690 | @aA756@v3 | |
| 690 | @aJ41 | |
| 711 | 02 | @a革命文物编辑部@Age ming wen wu bian ji bu@4编 |
| 801 | 0 | @aCN@bNLC@c20040521 |
| 905 | @f1@b10429@dJ41@e24 | |
| 毛主席在中南海住过的地方:[摄影集]/革命文物编辑部编.-北京:文物出版社,1978 |
| [45页];19cm.-(革命文物丛书) |
| ISBN :CNY0.35 |
| ● |
| 相关链接 |
|
|
|
|
正题名:毛主席在中南海住过的地方
索取号:J41/24
 
预约/预借
| 序号 | 登录号 | 条形码 | 馆藏地/架位号 | 状态 | 备注 |
| 1 | 0010429 | 000572473 | 第一借阅区/ [索取号:J41/24] | 在馆 | |
| 2 | 0010430 | 000572482 | 第一样本阅览室/ [索取号:J41/24] | 在馆 |